| 000 | 00489nam a2200133Ia 4500 | ||
|---|---|---|---|
| 008 | 171212s9999 xx 000 0 und d | ||
| 020 | _a9780874217759 | ||
| 100 | _aMartin Jr., S.R. | ||
| 245 |
_cMartin Jr., S.R. _aNatural-Born Proud _bA Revery |
||
| 260 |
_bUniversity Press of Colorado _c2010 |
||
| 650 | _aEnglish language -- Rhetoric -- Study and teaching; Universities and colleges -- Curricula | ||
| 650 | _aLanguage & Literature | ||
| 856 | _uwww.jstor.org/stable/10.2307/j.ctt4cgpnd | ||
| 999 |
_c353120 _d353120 |
||